00739nam a22001817a 450000500170000000800410001702000150005805000240007310000310009724501170012825000110024526000810025630000210033750400480035865000320040665000730043870000460051120210701130042.0210701b py ||||| |||| 00| 0 spa d a999257214004aPN4793.M6bR63 20041 aRocha, Dorangélica de la13aLa formación profesional del periodistac/ Dorangélica de la Rocha ; prólogo Benjamín Fernández Bogado a1a ed. aAsunción :bInstituto Prensa y Libertad :bIntercontinental editora,c2004 a161 p. ;c23 cm. aIncluye anexos, bibliografía : p. 131-136 72lembaPeriodismo zMéxico 72lembaPeriodismoxEstudio y enseñanzazMéxico zSinaloa (Estado)1 aFernandez Bogado, Benjamíneprologuista